Traffic conflict characteristics : accident potential at intersections /

Bibliographic Details
Main Author: Perkins, Stuart R.
Corporate Authors: General Motors Corporation. Research Laboratories, National Research Council (U.S.). Highway Research Board
Other Authors: Harris, Joseph I.
Format: Book
Language:English
Published: Warren, Mich. : Research Laboratories, General Motors Corp., 1967.
Series:Research publication (General Motors Corporation. Research Laboratories) ; GMR-718.
Subjects:

MARC

Tag First Indicator Second Indicator Subfields
LEADER 00000cam a2200000 a 4500
001 in00000782021
005 20151017054409.0
008 880809s1967 miua t 00010 eng d
035 |a (OCoLC)18329683 
035 |9 ADL8491AM 
040 |a TXA  |c TXA  |d UtOrBLW 
049 1 |a TXA2 
090 |a HE203  |b .G46 no. 718 
100 1 |a Perkins, Stuart R. 
245 1 0 |a Traffic conflict characteristics :  |b accident potential at intersections /  |c Stuart R. Perkins and Joseph I. Harris. 
264 1 |a Warren, Mich. :  |b Research Laboratories, General Motors Corp.,  |c  1967. 
300 |a v, 25 leaves :  |b illustrations ;  |c 28 cm. 
336 |a text  |b txt  |2 rdacontent 
337 |a unmediated  |b n  |2 rdamedia 
338 |a volume  |b nc  |2 rdacarrier 
490 1 |a General Motors Corporation. Research Laboratories. Research publication ;  |v GMR-718 
500 |a Prepared for the Highway Research Board, National Research Council. 
650 0 |a Traffic accidents. 
650 0 |a Roads  |x Interchanges and intersections. 
700 1 |a Harris, Joseph I. 
710 2 |a General Motors Corporation.  |b Research Laboratories. 
710 2 |a National Research Council (U.S.).  |b Highway Research Board. 
830 0 |a Research publication (General Motors Corporation. Research Laboratories) ;  |v GMR-718. 
999 |a MARS 
999 f f |s f54a6802-79d7-357d-8510-95ce95d034fb  |i 0410378b-c980-3793-9f4a-de9d1925ad45  |t 0 
952 f f |p ric  |a Texas A&M University  |b Rellis Campus  |c Joint Library Facility  |d Remote Storage  |t 0  |e HE203 .G46 no. 718  |h Library of Congress classification  |i unmediated -- volume  |m A14810836874 
998 f f |a HE203 .G46 no. 718  |t 0  |l Remote Storage